Riddles of the sphinx: and other mathematical puzzle tales

Gorde:
Xehetasun bibliografikoak
Egile nagusia: Gardner, Martin (Egilea)
Formatua: Liburua
Hizkuntza:ingelesa
Argitaratua: Washington, D.C The Mathematical Association of America 1988
Saila:New Mathematical Library, 32
Gaiak:
Etiketak: Etiketa erantsi
Etiketarik gabe, Izan zaitez lehena erregistro honi etiketa jartzen!

MARC

LEADER 00000nam a2200000 a 4500
001 UCZ6990
003 CL-VaPUC
008 951222e19880000US |||||||||||||||||eng|d
082 0 4 |a 510  |b GAR  |2 21 
100 |a Gardner, Martin  |e author  |9 591378 
245 1 0 |a Riddles of the sphinx: and other mathematical puzzle tales 
300 |a 164 p 
942 |c BK 
945 |d 19951222 00:00:00  |a rleighto 
260 |a Washington, D.C  |b The Mathematical Association of America  |c 1988 
650 0 |a Matemática  |9 260235 
650 7 |a JUEGOS MATEMATICOS  |2 CL-VaPUC  |9 351662 
583 |a last modification  |c 19951222 00:00:00  |k Rodrigo Vera 
490 0 |a New Mathematical Library, 32 
999 |c 243125  |d 243123 
952 |0 0  |1 0  |4 0  |6 510_000000000000000_GAR_1988  |7 0  |8 A  |9 256559  |a BIBMAT  |b BIBMAT  |d 2019-11-19  |i 3158837  |o 510 GAR 1988  |p 3158837  |r 2025-01-07  |w 2019-11-19  |y BK  |k MAT